| 000 | 01012cam a22002895a 4500 | ||
|---|---|---|---|
| 001 | 18125671 | ||
| 005 | 20150721153624.0 | ||
| 008 | 140423s2013 maua frb 001 0 eng d | ||
| 020 | _a012386545X | ||
| 020 | _a9780123865458 | ||
| 040 |
_aYDXCP _beng _cYDXCP _dBTCTA _dCUV _dOCLCF _dDLC _dEG-ScBUE |
||
| 082 | 0 | 4 |
_a622.33827 _bENH _222 |
| 245 | 0 | 0 |
_aEnhanced oil recovery field case studies / _c[editor] James J. Sheng. |
| 260 |
_aWaltham ; _aOxford : _bGulf Professional Publishing / Elsevier, _cc.2013. |
||
| 300 |
_axxiii, 685 p. : _bill. ; _c24 cm. |
||
| 500 | _aIndex : p. 667-685. | ||
| 504 | _aBibliography : p. 662-666. | ||
| 650 | 7 |
_aEnhanced oil recovery. _2BUEsh _928476 |
|
| 650 | 0 |
_aPetroleum engineering. _2BUEsh |
|
| 650 | 7 |
_aOil reservoir engineering. _2BUEsh _919804 |
|
| 650 | 0 |
_aOil fields _xProduction methods. _2BUEsh |
|
| 651 | _2BUEsh | ||
| 653 |
_bENGGEN _cJune2015 _cJuly2015 |
||
| 655 |
_vreading book _934232 |
||
| 700 | 1 |
_aSheng, James, _eeditor. _928475 |
|
| 942 |
_2ddc _k622.33827 ENH |
||
| 999 |
_c19972 _d19944 |
||